Picasso : Line Drawings and Prints

Uložené v:
Podrobná bibliografia
Médium: Kniha
Vydavateľské údaje: New York : Dover Publications, 1981
Predmet:
Tagy: Pridať tag
Žiadne tagy, Buďte prvý, kto otaguje tento záznam!

MARC

LEADER 00000nam a22000003a 4500
001 stu53720
005 20141122023805.2
008 000525s1981----------------------------d
020 |a 0486241963 
040 |a STU  |b slo 
041 0
245 |a Picasso :  |b Line Drawings and Prints 
260 |a New York :  |b Dover Publications,  |c 1981 
300 |a 43 s 
650 7 |a výtvarníci zahraniční  |2 stusub 
996 |b 284AU00215  |c A*3439 U  |l AAKNAR  |s A  |a 24  |w stu53720_0001